| 000 | 00541mam a2200157 a 4500 | ||
|---|---|---|---|
| 020 | _a041920170X | ||
| 082 | 0 | 0 |
_a624.1 _bSTR _cL-NUST,P-03 |
| 245 | 0 | 0 |
_aStructural engineering : _bhistory and development / _cedited by R.J.W. Milne. |
| 260 |
_aLondon ; _aNew York : _bE & FN Spon, _cc1997. |
||
| 300 |
_a142 p. : _bill. ; _c24 cm. |
||
| 526 |
_a0 _b0 _c0 _d624_100000000000000_STR |
||
| 650 | 0 |
_aStructural design _xHistory. _942356 |
|
| 650 | 0 |
_aStructural engineering _xHistory. _bMCE _942357 |
|
| 700 | 1 |
_aMilne, R. J. W. _942358 |
|
| 942 |
_2ddc _cBK |
||
| 999 |
_c546257 _d546257 |
||